000 00731nam a2200253Ia 4500
003 OSt
005 20220926013201.0
006 a|||||r|||| 00| 0
007 ta
008 220923b |||||||| |||| 00| 0 eng d
020 _a0673460177
037 _cGeneral Book
040 _aRTL
_cRTL
_beng
041 _2eng
_aeng
082 _aX651:8, N6
100 _aRitchken Peter
_9317935
245 0 _aDerivative markets
_b Theory, strategy and applications
260 _aNew York
_bHarper Collins
_c1996
300 _axix, 617p Bibliography chapterwise
_ccm.
650 _a Stock Economics
_9243807
650 _aInvestment
942 _hX651:8, N6
_cGB
_2CC
999 _c625375
_d625375